[Event "Titled Tuesday intern op 22nd Aug Late"]
[Site "Chess.com INT"]
[Date "2023.08.22"]
[Round "6"]
[White "Bornholdt, Joa Max"]
[Black "Clarke, Matthew"]
[Result "0-1"]
[WhiteElo "2269"]
[BlackElo "2127"]
[PlyCount "98"]
[EventDate "2023.08.22"]
[EventType "swiss (blitz)"]
[EventRounds "11"]
[EventCountry "USA"]
[SourceTitle "EXT 2024"]
[Source "ChessBase"]
[SourceDate "2023.10.10"]
[SourceVersion "1"]
[SourceVersionDate "2023.10.10"]
[SourceQuality "1"]

1. e4 c5 2. Nf3 d6 3. d4 cxd4 4. Nxd4 Nf6 5. Nc3 a6 6. Bc4 e6 7. Bb3 b5 8. 0-0 Nbd7 9. Re1 Nc5 10. f4 b4 11. Na4 Ncxe4 12. f5 e5 13. Nc6 Qc7 14. Bd5 Nxd5 15. Qxd5 Nf6 16. Qc4 Be7 17. Nxe5 Qxc4 18. Nxc4 Kd8 19. Nab6 Ra7 20. Nxc8 Kxc8 21. Be3 Rc7 22. b3 d5 23. Nb6+ Kb7 24. Rad1 Rc5 25. Bd4 Bd6 26. Nxd5 Rxd5 27. Bc5 Bxc5+ 28. Kh1 Rxd1 29. Rxd1 Re8 30. h3 Re2 31. Rc1 Ne4 32. Kh2 Nd6 33. Kg3 Nxf5+ 34. Kf4 Rf2+ 35. Ke4 Kc6 36. g4 Nd6+ 37. Kd3 Rf3+ 38. Ke2 Rxh3 39. Rf1 Re3+ 40. Kd2 Ne4+ 41. Kc1 Nc3 42. Kb2 f6 43. Rh1 Kd5 44. Rh5+ Kc6 45. Rh1 Bd4 46. Kc1 Re2 47. Rxh7 Kd5 48. Rxg7 Re1+ 49. Kd2 Rd1# 0-1

[Event "Titled Tuesday intern op 22nd Aug Late"]
[Site "Chess.com INT"]
[Date "2023.08.22"]
[Round "4"]
[White "Perske, Thore"]
[Black "Clarke, Matthew"]
[Result "1-0"]
[WhiteElo "2448"]
[BlackElo "2127"]
[PlyCount "61"]
[EventDate "2023.08.22"]
[EventType "swiss (blitz)"]
[EventRounds "11"]
[EventCountry "USA"]
[SourceTitle "EXT 2024"]
[Source "ChessBase"]
[SourceDate "2023.10.10"]
[SourceVersion "1"]
[SourceVersionDate "2023.10.10"]
[SourceQuality "1"]

1. d4 d5 2. Nf3 Nf6 3. g3 g6 4. Bg2 Bg7 5. 0-0 0-0 6. Be3 b6 7. Qc1 Re8 8. Bh6 Bh8 9. Rd1 Bb7 10. Nbd2 Nbd7 11. h3 c5 12. dxc5 bxc5 13. c4 d4 14. e3 Qb6 15. exd4 cxd4 16. b4 Rac8 17. c5 Qxb4 18. Rb1 Qxc5 19. Qxc5 Nxc5 20. Nxd4 Bxg2 21. Kxg2 Red8 22. N2f3 Rd5 23. Be3 Nfe4 24. Rdc1 Re8 25. Ne2 Nd3 26. Rc7 Bf6 27. Rxa7 Rc8 28. Rbb7 Kg7 29. a4 Rc2 30. Nf4 Nxf4+ 31. gxf4 1-0

[Event "Titled Tuesday intern op 06th Jun Late"]
[Site "Chess.com INT"]
[Date "2023.06.06"]
[Round "8"]
[White "Kujawski, Adam"]
[Black "Clarke, Matthew"]
[Result "1-0"]
[WhiteElo "2173"]
[BlackElo "2127"]
[PlyCount "29"]
[EventDate "2023.06.06"]
[EventType "swiss (blitz)"]
[EventRounds "11"]
[EventCountry "USA"]
[SourceTitle "EXT 2024"]
[Source "ChessBase"]
[SourceDate "2023.10.10"]
[SourceVersion "1"]
[SourceVersionDate "2023.10.10"]
[SourceQuality "1"]

1. e4 c5 2. Nf3 d6 3. d4 cxd4 4. Nxd4 Nf6 5. Nc3 a6 6. Bg5 Nbd7 7. Bc4 Qb6 8. Qd2 Qxb2 9. 0-0 Qb4 10. Bd5 Qc5 11. Rab1 Nxd5 12. Nxd5 b6 13. Rb3 Rb8 14. Rc3 Qa5 15. Nc6 1-0

[Event "Titled Tuesday intern op 23rd May Late"]
[Site "Chess.com INT"]
[Date "2023.05.23"]
[Round "7"]
[White "Brown, Raehanna"]
[Black "Clarke, Matthew"]
[Result "1-0"]
[WhiteElo "1710"]
[BlackElo "2127"]
[PlyCount "51"]
[EventDate "2023.05.23"]
[EventType "swiss (blitz)"]
[EventRounds "11"]
[EventCountry "USA"]
[SourceTitle "EXT 2024"]
[Source "ChessBase"]
[SourceDate "2023.10.10"]
[SourceVersion "1"]
[SourceVersionDate "2023.10.10"]
[SourceQuality "1"]

1. c4 Nf6 2. Nc3 e5 3. Nf3 Nc6 4. g3 Bb4 5. Bg2 e4 6. Ng5 Bxc3 7. bxc3 d5 8. cxd5 Qxd5 9. d3 Qc5 10. Nxe4 Nxe4 11. Bxe4 Qxc3+ 12. Bd2 Qf6 13. 0-0 0-0 14. Rc1 Bd7 15. Bc3 Qd6 16. e3 f5 17. Bg2 Rfe8 18. Qh5 Ne7 19. Bxb7 Rab8 20. Bg2 Qxd3 21. Rfd1 Qb5 22. Qg5 Ng6 23. Bd5+ Kh8 24. Bf7 Bc6 25. Bxg6 hxg6 26. Qh6+ 1-0

[Event "Titled Tuesday intern op 02nd May Late"]
[Site "Chess.com INT"]
[Date "2023.05.02"]
[Round "6"]
[White "Clarke, Matthew"]
[Black "Krivenko, Dion"]
[Result "0-1"]
[WhiteElo "2127"]
[BlackElo "2100"]
[PlyCount "70"]
[EventDate "2023.05.02"]
[EventType "swiss (blitz)"]
[EventRounds "11"]
[EventCountry "USA"]
[SourceTitle "EXT 2024"]
[Source "ChessBase"]
[SourceDate "2023.10.10"]
[SourceVersion "1"]
[SourceVersionDate "2023.10.10"]
[SourceQuality "1"]

1. d4 Nf6 2. c4 c5 3. d5 e6 4. Nc3 exd5 5. cxd5 d6 6. e4 g6 7. Nf3 Bg7 8. Be2 0-0 9. 0-0 a6 10. a4 Re8 11. Nd2 Nbd7 12. f3 h5 13. Nc4 Ne5 14. Nxe5 Rxe5 15. f4 Rxe4 16. Nxe4 Nxe4 17. Be3 Bxb2 18. Rb1 Bg7 19. Qc2 Nf6 20. Rbd1 Bf5 21. Bd3 Nxd5 22. Bd2 Ne7 23. Bc3 Bxc3 24. Qxc3 Bxd3 25. Rxd3 Nf5 26. Re1 b5 27. axb5 axb5 28. Rd2 c4 29. Rde2 d5 30. Qb2 Qb6+ 31. Kh1 d4 32. Re5 b4 33. Qe2 d3 34. Qe4 d2 35. Rd1 Rc8 0-1

[Event "Titled Tuesday intern op 02nd May Late"]
[Site "Chess.com INT"]
[Date "2023.05.02"]
[Round "7"]
[White "Hirneise, Jens"]
[Black "Clarke, Matthew"]
[Result "1-0"]
[WhiteElo "2277"]
[BlackElo "2127"]
[PlyCount "43"]
[EventDate "2023.05.02"]
[EventType "swiss (blitz)"]
[EventRounds "11"]
[EventCountry "USA"]
[SourceTitle "EXT 2024"]
[Source "ChessBase"]
[SourceDate "2023.10.10"]
[SourceVersion "1"]
[SourceVersionDate "2023.10.10"]
[SourceQuality "1"]

1. d4 Nf6 2. Bg5 d5 3. Bxf6 exf6 4. g3 Bd6 5. Bg2 0-0 6. e3 c6 7. Ne2 f5 8. Nd2 Nd7 9. 0-0 Nf6 10. c4 dxc4 11. Nxc4 Bc7 12. Nc3 Be6 13. Qe2 Qe7 14. a3 Rac8 15. b4 Nd5 16. Rfc1 Rfe8 17. Qd3 g6 18. Nxd5 Bxd5 19. Bxd5 cxd5 20. Nd2 Bd6 21. Qb5 f4 22. exf4 1-0

[Event "Titled Tuesday intern op 25th Apr Late"]
[Site "Chess.com INT"]
[Date "2023.04.25"]
[Round "1"]
[White "Clarke, Matthew"]
[Black "Fiorito, Francisco"]
[Result "0-1"]
[WhiteElo "2075"]
[BlackElo "2305"]
[PlyCount "88"]
[EventDate "2023.04.25"]
[EventType "swiss (blitz)"]
[EventRounds "11"]
[EventCountry "USA"]
[SourceTitle "EXT 2024"]
[Source "ChessBase"]
[SourceDate "2023.10.10"]
[SourceVersion "1"]
[SourceVersionDate "2023.10.10"]
[SourceQuality "1"]

1. d4 Nf6 2. c4 b6 3. f3 Nc6 4. d5 Ne5 5. e4 e6 6. Nc3 Bc5 7. Bf4 Ng6 8. Bg3 Nh5 9. Bd3 Nxg3 10. hxg3 e5 11. Qd2 d6 12. Nge2 Bd7 13. Rb1 a5 14. Nb5 Bxb5 15. cxb5 h5 16. Kd1 h4 17. g4 Qf6 18. Kc2 Nf4 19. Nxf4 exf4 20. a4 0-0 21. Qc3 Bd4 22. Qc4 g5 23. b3 Be5 24. Kd2 Kg7 25. Rh3 Bd4 26. Rc1 Bc5 27. Qc3 Bd4 28. Qc4 Kg8 29. Ke2 Bc5 30. Qc3 Qe7 31. Kf1 Rae8 32. Qc2 Qe5 33. Qc3 Bd4 34. Qe1 Re7 35. Rc4 Qg7 36. Qd2 f5 37. gxf5 Be5 38. Qc2 Rf6 39. Be2 Rh6 40. Rc6 Bd4 41. Ke1 Bc5 42. Kd1 Qd4+ 43. Kc1 g4 44. fxg4 Rxe4 0-1

[Event "Oceania zt 3.6"]
[Site "Melbourne"]
[Date "2023.01.25"]
[Round "4"]
[White "Clarke, Matthew"]
[Black "Liu, Yi"]
[Result "0-1"]
[WhiteElo "2104"]
[BlackElo "2303"]
[PlyCount "162"]
[EventDate "2023.01.23"]
[EventType "swiss"]
[EventRounds "9"]
[EventCountry "AUS"]
[SourceTitle "CBM 212 Extra"]
[Source "ChessBase"]
[SourceDate "2023.03.31"]
[SourceVersion "1"]
[SourceVersionDate "2023.03.31"]
[SourceQuality "1"]

1. d4 Nf6 2. c4 g6 3. Nc3 Bg7 4. e4 0-0 5. h3 d6 6. Be3 e5 7. d5 Nfd7 8. g4 a5 9. Nge2 Na6 10. Qd2 Ndc5 11. Ng3 Bd7 12. Be2 Bf6 13. 0-0-0 Bh4 14. Rdg1 Kh8 15. Kb1 Qe7 16. g5 f6 17. gxf6 Rxf6 18. f3 Raf8 19. Rh2 a4 20. Nh1 Be8 21. Nf2 h5 22. Bd1 Kh7 23. Rgg2 Bd7 24. Bh6 R8f7 25. Be3 Kg8 26. Rh1 Rg7 27. Bh6 Rh7 28. Be3 Qf7 29. Rhh2 Kf8 30. Ka1 Ke7 31. Be2 Rh8 32. Nfd1 Rg8 33. Rh1 Kd8 34. Bg5 Bxg5 35. Rxg5 Rf4 36. Nf2 Rh4 37. Ncd1 b6 38. Rhg1 Rf4 39. Ne3 Kc8 40. Ng2 Rf6 41. Nh4 Kb7 42. R1g3 Be8 43. Rg1 Qh7 44. Kb1 Nb8 45. Kc1 Nbd7 46. Kd1 Rg7 47. Ke1 Nf8 48. Bd1 Bd7 49. b4 axb3 50. axb3 Qg8 51. b4 Na6 52. Ng2 Nh7 53. Rg3 g5 54. Ne3 Qa8 55. Be2 Nb8 56. Qb2 Kc8 57. Kd2 Rgf7 58. Ra1 Qb7 59. Qa3 h4 60. Rgg1 Rxf3 61. Bxf3 Rxf3 62. Ke2 Rf4 63. Ng2 Rf8 64. Ne1 b5 65. c5 dxc5 66. bxc5 b4 67. Qe3 c6 68. d6 Be6 69. Ned3 Bc4 70. Rgb1 b3 71. Qc1 Rxf2+ 72. Kxf2 Bxd3 73. Rb2 Qb4 74. Qe3 Bc2 75. Kg2 Nf6 76. Rf1 Nbd7 77. Qxg5 Qxe4+ 78. Kh2 Qe2+ 79. Qg2 Qxg2+ 80. Kxg2 Nd5 81. Kf3 e4+ 0-1

[Event "Doeberl Cup 57th"]
[Site "Canberra"]
[Date "2019.04.19"]
[Round "3"]
[White "Sengupta, Deep"]
[Black "Clarke, Matthew"]
[Result "1-0"]
[WhiteElo "2551"]
[BlackElo "2113"]
[PlyCount "63"]
[EventDate "2019.04.18"]
[EventType "swiss"]
[EventRounds "9"]
[EventCountry "AUS"]
[SourceTitle "CBM 189 Extra"]
[Source "ChessBase"]
[SourceDate "2019.06.03"]
[SourceVersion "1"]
[SourceVersionDate "2019.06.03"]
[SourceQuality "1"]

1. e4 c5 2. Nf3 d6 3. c3 Nf6 4. h3 g6 5. Bd3 Bg7 6. 0-0 0-0 7. Bc2 Nc6 8. Re1 Qc7 9. d4 e5 10. dxc5 dxc5 11. Be3 b6 12. a4 c4 13. Na3 Na5 14. Nb5 Qe7 15. Qd6 Qxd6 16. Nxd6 Ne8 17. Nxc8 Rxc8 18. Rad1 Nc7 19. Rd7 Rfd8 20. Red1 Rxd7 21. Rxd7 h6 22. Bd1 Kf8 23. Ne1 Ke8 24. Bg4 h5 25. Rxf7 Kxf7 26. Bxc8 Ke7 27. h4 Kd8 28. Bh3 Bf8 29. Nf3 Bd6 30. g3 Ke7 31. Nd2 Ne6 32. Bf1 1-0

[Event "Begonia op 52nd"]
[Site "Ballarat"]
[Date "2018.03.10"]
[Round "1"]
[White "Clarke, Matthew"]
[Black "Smirnov, Anton"]
[Result "1/2-1/2"]
[WhiteElo "1863"]
[BlackElo "2543"]
[PlyCount "238"]
[EventDate "2018.03.10"]
[EventType "swiss"]
[EventRounds "7"]
[EventCountry "AUS"]
[SourceTitle "CBM 183 Extra"]
[Source "ChessBase"]
[SourceDate "2018.04.19"]
[SourceVersion "1"]
[SourceVersionDate "2018.04.19"]
[SourceQuality "1"]

1. d4 d5 2. Bf4 Nf6 3. e3 g6 4. Nd2 Bg7 5. c3 0-0 6. Bd3 c5 7. h3 b6 8. Qe2 Nc6 9. Ngf3 Nh5 10. Bh2 f5 11. Bb5 Bd7 12. Bxc6 Bxc6 13. g4 fxg4 14. hxg4 Nf6 15. Ne5 Qe8 16. g5 Nh5 17. Nxc6 Qxc6 18. Qg4 Rf5 19. f4 cxd4 20. cxd4 Qc2 21. Rb1 e6 22. Qd1 Rc8 23. Qxc2 Rxc2 24. Kd1 Rc6 25. Rc1 Rxc1+ 26. Kxc1 Rf8 27. Kb1 Rc8 28. Rc1 Rxc1+ 29. Kxc1 Kf7 30. Kc2 Ke8 31. b4 a6 32. a4 Bf8 33. b5 axb5 34. axb5 Ng7 35. Bg1 Bb4 36. Nf3 Nf5 37. Bf2 Ba5 38. Ne5 Nd6 39. Nc6 Nxb5 40. Nxa5 bxa5 41. Kb3 Nd6 42. Ka4 Nc4 43. Kb5 Kf7 44. Be1 Nxe3 45. Bxa5 Nf5 46. Kc5 Kg7 47. Bc7 h5 48. gxh6+ Nxh6 49. Bd8 Nf5 50. Bg5 Ng3 51. Kc6 Kf7 52. Kd6 Ne4+ 53. Kd7 Nf2 54. Kd6 Nh3 55. Kd7 Ng1 56. Kd6 Nf3 57. Kc5 Nd2 58. Kd6 Nf3 59. Kc5 Ne1 60. Kd6 Nc2 61. Ke5 Ne3 62. Kd6 Nf5+ 63. Ke5 Ne3 64. Kd6 Ng4 65. Kd7 Nh2 66. Kd6 Nf3 67. Kc5 e5 68. dxe5 Ke6 69. Bh6 Nh4 70. Bg5 Nf5 71. Bf6 Ng3 72. Kd4 Ne2+ 73. Ke3 Nc1 74. Kd4 Nb3+ 75. Kc3 Na5 76. Kd4 Nc6+ 77. Kc5 Na5 78. Kd4 Nb3+ 79. Kc3 Nc1 80. Kd4 Ne2+ 81. Ke3 Ng3 82. Kd4 Nh5 83. Bg5 Ng7 84. Bf6 Nf5+ 85. Kc5 Ng3 86. Kd4 Ne2+ 87. Ke3 Nc1 88. Kd4 Nb3+ 89. Kc3 Na5 90. Bg5 Nc6 91. Kd3 Kd7 92. Bh4 Na7 93. Bf2 Nb5 94. Bh4 Ke6 95. Bg5 Kd7 96. Bh4 Kc6 97. Bd8 Kd7 98. Bb6 Ke7 99. Ke3 Ke6 100. Bd8 Na7 101. Bg5 Nc6 102. Kd3 Kd7 103. Bh4 Na7 104. Bf2 Nc6 105. Bh4 Nb4+ 106. Kc3 Nc6 107. Kd3 Kc7 108. Bf2 Nd8 109. Be3 Ne6 110. Bd2 Kc6 111. Be3 Kb5 112. Bc1 Ka4 113. Bd2 Kb3 114. Bc1 Kb4 115. Be3 Kb5 116. Bc1 Nc5+ 117. Kd4 Kc6 118. Be3 Ne6+ 119. Kd3 Kb5 1/2-1/2

[Event "Australian op"]
[Site "Brisbane"]
[Date "2017.01.03"]
[Round "2"]
[White "Au, Alexander"]
[Black "Clarke, Matthew"]
[Result "0-1"]
[WhiteElo "1699"]
[BlackElo "2040"]
[PlyCount "62"]
[EventDate "2017.01.02"]
[EventType "swiss"]
[EventRounds "11"]
[EventCountry "AUS"]
[SourceTitle "CBM 176 Extra"]
[Source "ChessBase"]
[SourceDate "2017.03.02"]
[SourceVersion "1"]
[SourceVersionDate "2017.03.02"]
[SourceQuality "1"]

1. e4 d5 2. exd5 Qxd5 3. Nc3 Qa5 4. d4 Nf6 5. Bd2 c6 6. Nf3 Bf5 7. Bc4 e6 8. Qe2 Qc7 9. 0-0-0 Be7 10. h4 Nbd7 11. Bd3 Bxd3 12. Qxd3 b5 13. Rhe1 b4 14. Ne4 Nxe4 15. Qxe4 Nf6 16. Qe2 0-0 17. Rh1 c5 18. dxc5 Bxc5 19. Ne5 Nd5 20. h5 Rfc8 21. Nd3 Bd6 22. Be3 Rab8 23. Rdg1 b3 24. axb3 Rxb3 25. Kd1 Rxb2 26. Bd4 Qxc2+ 27. Qxc2 Rbxc2 28. Bxa7 Ra2 29. Be3 Nxe3+ 30. fxe3 Rb8 31. Nc1 Rb1 0-1

[Event "Australian op"]
[Site "Brisbane"]
[Date "2017.01.02"]
[Round "1"]
[White "Clarke, Matthew"]
[Black "Kay, James"]
[Result "1/2-1/2"]
[WhiteElo "2040"]
[BlackElo "1677"]
[PlyCount "114"]
[EventDate "2017.01.02"]
[EventType "swiss"]
[EventRounds "11"]
[EventCountry "AUS"]
[SourceTitle "CBM 176 Extra"]
[Source "ChessBase"]
[SourceDate "2017.03.02"]
[SourceVersion "1"]
[SourceVersionDate "2017.03.02"]
[SourceQuality "1"]

1. e4 e5 2. Nf3 Nc6 3. Bc4 Nf6 4. d3 Be7 5. 0-0 0-0 6. c3 d6 7. Nbd2 Na5 8. Bb3 Nxb3 9. Qxb3 c6 10. Re1 Qc7 11. d4 Be6 12. Qc2 Rad8 13. Nf1 Bg4 14. N3d2 Bh5 15. dxe5 dxe5 16. Nb3 Bg6 17. f3 h6 18. Be3 Nd5 19. Bf2 Nf4 20. Rad1 f5 21. Ng3 fxe4 22. Nxe4 b6 23. Nc1 Kh8 24. Ne2 Ne6 25. N2g3 h5 26. b4 h4 27. Nf1 h3 28. Bg3 hxg2 29. Qxg2 Rxd1 30. Rxd1 Bxe4 31. Qh3+ Bh7 32. Qxe6 Bf5 33. Qxe5 Qxe5 34. Bxe5 Be6 35. Nd2 Rf5 36. Re1 Rg5+ 37. Bg3 Rg6 38. a3 c5 39. Ne4 cxb4 40. axb4 Bd5 41. Kf2 Bxe4 42. fxe4 Rc6 43. Ra1 Rxc3 44. Rxa7 Rc2+ 45. Ke3 Bxb4 46. Kd3 Rc3+ 47. Kd4 Rc2 48. Rb7 Bc5+ 49. Ke5 Bg1 50. Kf5 Bxh2 51. Bxh2 Rxh2 52. e5 Kg8 53. Ke6 g5 54. Kf6 Rf2+ 55. Kxg5 Kf8 56. e6 Ke8 57. Kg6 b5 1/2-1/2